| 000 | 01007cam a22003254a 4500 | ||
|---|---|---|---|
| 020 | _a9789004147331 (alk. paper) | ||
| 020 | _a9004147330 (alk. paper) | ||
| 040 | _cNLM | ||
| 082 | 0 | 4 | _a341 MNP 2006 C151 Or. |
| 100 | 1 | _aEide, Asbj©ırn | |
| 245 | 1 | 0 |
_aArticle 24 : _bthe right to health / |
| 246 | 3 | _aArticle twenty-four | |
| 246 | 3 | 0 | _aRight to health |
| 246 | 1 | 8 | _aCRC commentary |
| 260 |
_aLeiden ; _aBoston : _bMartinus Nijhoff Publishers, _c2006 |
||
| 300 |
_aviii, 51 p. ; _c24 cm |
||
| 490 | 1 | _aCommentary on the United Nations Convention on the Rights of the Child, | |
| 650 | 1 | 2 | _aChild Advocacy |
| 650 | 2 | 2 | _aChild Health Services |
| 650 | 2 | 2 | _aChild Welfare |
| 650 | 2 | 2 | _aChild |
| 650 | 2 | 2 | _aInternational Cooperation |
| 650 | 2 | 2 | _aPatient Rights |
| 650 | 0 | _aChildren's rights | |
| 650 | 0 | _aChildren (International law) | |
| 650 | 0 | _aRight to health | |
| 700 | 1 | _aEide, Wenche Barth | |
| 856 | 4 | 1 | _uhttp://www.loc.gov/catdir/toc/fy0710/2007274268.html |
| 942 | _cAEDBB | ||
| 999 |
_c18727 _d18727 |
||